| 000 | 00000nas##2200000za#4500 |
| 001 | 9.508567 |
| 003 | CaOODSP |
| 005 | 20210615082449 |
| 007 | ta |
| 008 | 150406c1990||||xxc|| p #||||f| |0fre|d |
| 022 | |a0709-292X |
| 040 | |aCaOODSP|bfre |
| 041 | |aeng |
| 041 | |afre |
| 043 | |an-cn--- |
| 086 | 1 |aM35-1 |
| 110 | 1 |aCanada.|bRessources naturelles Canada. |bSecteur des minéraux et des métaux. |
| 245 | 10|aProduction des principaux minéraux du Canada |
| 260 | |aOttawa - Ontario : |bRessources naturelles Canada. |
| 310 | |aMensuel |
| 500 | |aÀ partir de mai 2004, disponible seulement en format électronique. |
| 520 | 3 |aCette série de feuillets mensuels fournit sous forme de tableaux des données sur la production et la livraison de minéraux et de métaux du Canada. Les minéraux visés sont notamment les produits d’argile, le gypse, la chaux, le molybdène, la potasse, l’uranium, l’amiante, le cuivre, le sel, le nickel, l’or, l’argent, le zinc, le minerai de fer, le charbon, le gaz naturel et le pétrole brut. |
| 563 | |aFeuilles mobiles |
| 691 | 07|aIndustrie minière|2gcpds |
| 691 | 07|aMinerai|2gcpds |
| 691 | 07|aProduction|2gcpds |
| 776 | 0#|tProduction of Canada's leading minerals = |w(CaOODSP)9.500181 |
| 791 | |tProduction of Canada's leading minerals |eeng|w(CaOODSP)9.508566 |